Observing the Oceans in Real Time (Record no. 12630)

000 -LEADER
fixed length control field 04907nam a22006375i 4500
001 - CONTROL NUMBER
control field 978-3-319-66493-4
003 - CONTROL NUMBER IDENTIFIER
control field DE-He213
005 - DATE AND TIME OF LATEST TRANSACTION
control field 20250103112321.0
007 - PHYSICAL DESCRIPTION FIXED FIELD--GENERAL INFORMATION
fixed length control field cr nn 008mamaa
008 - FIXED-LENGTH DATA ELEMENTS--GENERAL INFORMATION
fixed length control field 171119s2018 sz | s |||| 0|eng d
020 ## - INTERNATIONAL STANDARD BOOK NUMBER
International Standard Book Number 9783319664934
-- 978-3-319-66493-4
024 ## - OTHER STANDARD IDENTIFIER
Standard number or code 10.1007/978-3-319-66493-4
Source of number or code doi
050 ## - LIBRARY OF CONGRESS CALL NUMBER
Classification number GC1-1581
072 ## - SUBJECT CATEGORY CODE
Subject category code RBKC
Source bicssc
072 ## - SUBJECT CATEGORY CODE
Subject category code SCI052000
Source bisacsh
072 ## - SUBJECT CATEGORY CODE
Subject category code RBKC
Source thema
082 ## - DEWEY DECIMAL CLASSIFICATION NUMBER
Classification number 551.46
Edition number 23
245 ## - TITLE STATEMENT
Title Observing the Oceans in Real Time
Medium [electronic resource] /
Statement of responsibility, etc. edited by R. Venkatesan, Amit Tandon, Eric D'Asaro, M. A. Atmanand.
250 ## - EDITION STATEMENT
Edition statement 1st ed. 2018.
260 ## - PUBLICATION, DISTRIBUTION, ETC.
Place of publication, distribution, etc. Cham :
Name of publisher, distributor, etc. Springer International Publishing :
-- Imprint: Springer,
Date of publication, distribution, etc. 2018.
300 ## - PHYSICAL DESCRIPTION
Extent XII, 323 p. 122 illus., 106 illus. in color.
Other physical details online resource.
336 ## - CONTENT TYPE
Content type term text
Content type code txt
Source rdacontent
337 ## - MEDIA TYPE
Media type term computer
Media type code c
Source rdamedia
338 ## - CARRIER TYPE
Carrier type term online resource
Carrier type code cr
Source rdacarrier
347 ## - DIGITAL FILE CHARACTERISTICS
File type text file
Encoding format PDF
Source rda
490 ## - SERIES STATEMENT
Series statement Springer Oceanography,
International Standard Serial Number 2365-7685
505 ## - FORMATTED CONTENTS NOTE
Formatted contents note Part 1. Introduction -- 1. Recent Trends in Ocean Observations -- Part 2. Surface Observations -- 2. Observing Surface Meteorology and Air-Sea Fluxes -- 3. Drifter Technology and Impacts for Sea Surface Temperature, Sea-Level Pressure and Ocean Circulation Studies -- 4. Origin, Tranformation and Measurement of Waves in Ocean -- Part 3. Subsurface Observations -- 5. Oceanographic Floats- Principles of Operation -- 6. . Measuring Ocean Turbulence -- 7. New Science and Novel Approaches Enabled by Autonomous Gliders -- 8. Advances in In-Situ Ocean Measurements -- Part 4. Remote Sensing -- 9. Ocean Remote Sensing: Concept to Realization for Physical Oceanographic Studies -- 10. Near Real-time Underwater Passive Acoustic Monitoring of Natural and Anthropogenic Sounds -- 11. Data Return Aspects of CODAR and WERA High Frequency Radars in Mapping Currents -- Part 5. Data (Data Management) -- 12. Sensor Performance and Data Quality Control -- 13. Near Real Time Data Recovery from Oceanographic Moorings -- 14. Managing Metocean In Situ Data in the WMO Framework -- Part 6. Societal Applilications -- 15. Applications of Ocean In-Situ Observations and its Societal Relevance.
520 ## - SUMMARY, ETC.
Summary, etc. This book provides contributions from leading experts on the integration of novel sensing technologies to yield unprecedented observations of coupled biological, chemical, and physical processes in the ocean from the macro to micro scale. Authoritative entries from experts around the globe provide first-hand information for oceanographers and researchers looking for solutions to measurement problems.  Ocean observational techniques have seen rapid advances in the last few years and this book addresses the need for a single overview of present and future trends in near real time and real time. First the past, present and future scenarios of ocean observational tools and techniques are elucidated. Then this book divides into three modes of ocean observations: surface, upper ocean and deep ocean. This is followed by data quality and modelling. Collecting a summary of methods and applications, this book provides first-hand information for oceanographers and researchers looking for solutions to measurement problems. This book is also suitable for final year undergraduate students or beginning graduate students in ocean engineering, oceanography and various other engineering students (such as Mechanical, Civil, Electrical, and Bioengineering) who are interested in specializing their skills towards modern measurements of the ocean.
650 ## - SUBJECT ADDED ENTRY--TOPICAL TERM
Topical term or geographic name entry element Oceanography.
650 ## - SUBJECT ADDED ENTRY--TOPICAL TERM
Topical term or geographic name entry element Geographic information systems.
650 ## - SUBJECT ADDED ENTRY--TOPICAL TERM
Topical term or geographic name entry element Environment.
650 ## - SUBJECT ADDED ENTRY--TOPICAL TERM
Topical term or geographic name entry element Climatology.
650 ## - SUBJECT ADDED ENTRY--TOPICAL TERM
Topical term or geographic name entry element Environmental monitoring.
650 ## - SUBJECT ADDED ENTRY--TOPICAL TERM
Topical term or geographic name entry element Acoustical engineering.
650 ## - SUBJECT ADDED ENTRY--TOPICAL TERM
Topical term or geographic name entry element Ocean Sciences.
650 ## - SUBJECT ADDED ENTRY--TOPICAL TERM
Topical term or geographic name entry element Geographical Information System.
650 ## - SUBJECT ADDED ENTRY--TOPICAL TERM
Topical term or geographic name entry element Environmental Sciences.
650 ## - SUBJECT ADDED ENTRY--TOPICAL TERM
Topical term or geographic name entry element Climate Sciences.
650 ## - SUBJECT ADDED ENTRY--TOPICAL TERM
Topical term or geographic name entry element Environmental Monitoring.
650 ## - SUBJECT ADDED ENTRY--TOPICAL TERM
Topical term or geographic name entry element Engineering Acoustics.
700 ## - ADDED ENTRY--PERSONAL NAME
Personal name Venkatesan, R.
Relator term editor.
Relationship edt
-- http://id.loc.gov/vocabulary/relators/edt
700 ## - ADDED ENTRY--PERSONAL NAME
Personal name Tandon, Amit.
Relator term editor.
Relationship edt
-- http://id.loc.gov/vocabulary/relators/edt
700 ## - ADDED ENTRY--PERSONAL NAME
Personal name D'Asaro, Eric.
Relator term editor.
Relationship edt
-- http://id.loc.gov/vocabulary/relators/edt
700 ## - ADDED ENTRY--PERSONAL NAME
Personal name Atmanand, M. A.
Relator term editor.
Relationship edt
-- http://id.loc.gov/vocabulary/relators/edt
710 ## - ADDED ENTRY--CORPORATE NAME
Corporate name or jurisdiction name as entry element SpringerLink (Online service)
773 ## - HOST ITEM ENTRY
Title Springer Nature eBook
776 ## - ADDITIONAL PHYSICAL FORM ENTRY
Relationship information Printed edition:
International Standard Book Number 9783319664927
776 ## - ADDITIONAL PHYSICAL FORM ENTRY
Relationship information Printed edition:
International Standard Book Number 9783319664941
776 ## - ADDITIONAL PHYSICAL FORM ENTRY
Relationship information Printed edition:
International Standard Book Number 9783319882550
830 ## - SERIES ADDED ENTRY--UNIFORM TITLE
Uniform title Springer Oceanography,
International Standard Serial Number 2365-7685
856 ## - ELECTRONIC LOCATION AND ACCESS
Uniform Resource Identifier <a href="https://doi.org/10.1007/978-3-319-66493-4">https://doi.org/10.1007/978-3-319-66493-4</a>
912 ## -
-- ZDB-2-EES
912 ## -
-- ZDB-2-SXEE
Holdings
Withdrawn status Lost status Damaged status Not for loan Permanent Location Current Location Date acquired Date last seen Price effective from Koha item type
        IMU-MPC Library IMU-MPC Library 2025-01-03 2025-01-03 2025-01-03 E-Book
Copyright © 2021 Indian Maritime University, Mumbai Port Campus. All Rights Reserved. Managed & Maintained by Central Library, IMU-Mumbai

webs counters

Powered by Koha